Statistics for 50 Highest Paid Hollywood Actresses 2000+

Click here to take the quiz!

General Stats

  • This quiz has been taken 206 times
  • The average score is 25 of 50

Answer Stats

#HintAnswer% Correct
1FriendsJennifer Aniston
92%
9Black SwanNatalie Portman
85%
2The Hunger Games: Mockingjay Part 2Jennifer Lawrence
84%
5La La LandEmma Stone
82%
6MaleficentAngelina Jolie
81%
3GravitySandra Bullock
80%
13Harry Potter: The Deathly Hollows Part 2Emma Watson
79%
11CatwomanHalle Berry
73%
4Ocean's ElevenJulia Roberts
72%
10LucyScarlett Johansson
71%
29Wonder WomanGal Gadot
61%
30InterstellarAnne Hathaway
60%
44The Other WomanCameron Diaz
60%
34Mad Max: Fury RoadCharlize Theron
60%
49Charlie's AngelsDrew Barrymore
60%
21Still AliceJulianne Moore
60%
15G. I. JaneDemi Moore
59%
8Big Little LiesMeryl Streep
58%
25Captain MarvelBrie Larson
55%
16Iron Man 3Gwyneth Paltrow
55%
33The Morning ShowReese Witherspoon
55%
48TransformersMegan Fox
53%
47Big Little LiesNicole Kidman
53%
12The Hobbit: The Battle of the Five ArmiesCate Blanchett
51%
32A Quiet Place: Part 2Emily Blunt
51%
28Panic RoomJodie Foster
51%
35FriendsLisa Kudrow
50%
26FriendsCourtney Cox
46%
7Birds of PreyMargot Robbie
46%
46Pitch Perfect 3Anna Kendrick
45%
18SkyfallJudi Dench
44%
14ArrivalAmy Adams
43%
37Steve JobsKate Winslet
42%
17HustlersJennifer Lopez
40%
24GhostbustersMelissa McCarthy
37%
20AvatarZoe Saldana
37%
50Modern FamilySofia Vergara
35%
41DivergentShailene Woodley
33%
23WildLaura Dern
31%
42Game of ThronesEmilia Clarke
28%
38Grey's AnatomyEllen Pompeo
27%
36The Cronicles of NarniaTilda Swinton
27%
45The Danish GirlAlicia Vikander
25%
22Jurassic WorldBryce Dallas Howard
25%
19The WifeGlenn Close
24%
27The Dark Knight RisesMarion Cotillard
23%
43UsLupita Nyongo
20%
39The Conjuring: 2Vera Farmiga
16%
31The CrownClaire Foy
15%
40VeepJulia Louis-Dreyfuss
14%

Score Distribution

Percentile by Number Answered

Percent of People with Each Score

Your Score History

You have not taken this quiz